MARC

LEADER 00000nam0a2200000 4500
001 52339
005 20231031041507.0
010 |a 5930930996 
035 |a (RuTPU)RU\TPU\book\54846 
090 |a 52339 
100 |a 20030529d2001 m y0rusy50 ca 
101 0 |a rus 
102 |a RU 
105 |a a j 001zy 
200 1 |a Электродиализ природных и сточных вод  |e учебное пособие  |f Н. Г. Вурдова, В. Т. Фомичев 
210 |a Москва  |c Изд-во АСВ  |d 2001 
215 |a 144 с.  |c ил. 
320 |a Библиогр.: с. 123-137 
610 1 |a водоснабжение 
610 1 |a воды природные 
610 1 |a сточные воды 
610 1 |a электродиализ 
610 1 |a электрохимическая очистка 
610 1 |a экономическая оценка 
610 1 |a экологическая оценка 
610 1 |a учебные пособия 
675 |a 628.34(075.8)  |v 3 
700 1 |a Вурдова  |b Н. Г.  |g Надежда Георгиевна 
701 1 |a Фомичев  |b В. Т.  |g Валерий Тарасович 
801 1 |a RU  |b 63413507  |c 20030529  |g PSBO 
801 2 |a RU  |b 63413507  |c 20080109  |g PSBO 
900 |a Охрана вод 
942 |c BK 
952 |a 550100  |b 290400